Distributional justice theory and measurement /

Bibliographic Details
Main Author: Bojer, Hilde, 1939-
Corporate Author: ProQuest (Firm)
Format: Electronic eBook
Language:English
Published: London ; New York : Routledge, 2003.
Series:Routledge frontiers of political economy ; 47.
Subjects:
Online Access:Click to View
LEADER 01417nam a2200397Ia 4500
001 EBC241831
003 MiAaPQ
005 20200520144314.0
006 m o d |
007 cr cn|||||||||
008 030121s2003 enka sb 001 0 eng d
010 |z  2003041388 
020 |z 0203987888 
020 |z 0415298245 
035 |a (MiAaPQ)EBC241831 
035 |a (Au-PeEL)EBL241831 
035 |a (CaPaEBR)ebr10097380 
035 |a (CaONFJC)MIL10760 
035 |a (OCoLC)935227612 
040 |a MiAaPQ  |c MiAaPQ  |d MiAaPQ 
050 4 |a HB523  |b .B65 2003 
082 0 4 |a 330  |2 21 
100 1 |a Bojer, Hilde,  |d 1939- 
245 1 0 |a Distributional justice  |h [electronic resource] :  |b theory and measurement /  |c Hilde Bojer. 
260 |a London ;  |a New York :  |b Routledge,  |c 2003. 
300 |a ix, 151 p. :  |b ill. 
490 1 |a Routledge frontiers of political economy ;  |v 47 
504 |a Includes bibliographical references and index. 
533 |a Electronic reproduction. Ann Arbor, MI : ProQuest, 2015. Available via World Wide Web. Access may be limited to ProQuest affiliated libraries. 
650 0 |a Distributive justice. 
650 0 |a Welfare economics. 
650 0 |a Utilitarianism. 
655 4 |a Electronic books. 
710 2 |a ProQuest (Firm) 
830 0 |a Routledge frontiers of political economy ;  |v 47. 
856 4 0 |u https://ebookcentral.proquest.com/lib/matrademy/detail.action?docID=241831  |z Click to View